Assessing User Interface Design by Alexander's Approach to Building Architecture

Salvato in:
Dettagli Bibliografici
Autore principale: Vranić, Branislava (Autore)
Altri autori: Haiderzai, Mohammad Daud (Relatore della tesi)
Natura: Manoscritto Libro
Lingua:slovacco
inglese
Pubblicazione: 2025
Soggetti:
Accesso online:http://is.stuba.sk/zp/portal_zp.pl?podrobnosti=175392
Tags: Aggiungi Tag
Nessun Tag, puoi essere il primo ad aggiungerne!!

MARC

LEADER 00000ntm a22000003a 4500
001 stuzp102847
003 SK-STU
005 20250614211552.0
007 ta
008 150427s2015----xo-----f-mn---000-0-slo-d
040 |a STU  |b slo 
041 0 |a eng 
100 1 |a Vranić, Branislava  |u 070200  |4 aut  |U FIIT Fakulta informatiky a informačných technológií  |T FIIT Ústav informatiky, informačných systémov a softvérového inžinierstva  |X 120910  |U I200  |Y 179  |7 120910 
242 0 1 |a Posudzovanie používateľských rozhraní podľa Alexandrovho prístupu k stavebnej architektúre  |y slo 
245 1 0 |a Assessing User Interface Design by Alexander's Approach to Building Architecture 
260 |c 2025 
650 4 |a architecture  |2 eng 
650 4 |a fundamental property  |2 eng 
650 4 |a pattern language  |2 eng 
650 4 |a pattern  |2 eng 
650 4 |a user interface  |2 eng 
650 4 |a human-computer interaction  |2 eng 
650 4 |a vzor  |2 slo 
650 4 |a architektúra  |2 slo 
650 4 |a jazyk vzorov  |2 slo 
650 4 |a fundamentálna vlastnosť  |2 slo 
650 4 |a interakcia človeka s počítačom  |2 slo 
650 4 |a používateľské rozhranie  |2 slo 
700 1 |a Haiderzai, Mohammad Daud  |u 070400  |k Z3  |4 ths  |U FIIT Fakulta informatiky a informačných technológií  |T FIIT Ústav počítačového inžinierstva a aplikovanej informatiky  |X 118057  |U I400  |Y 672  |7 118057 
856 4 |u http://is.stuba.sk/zp/portal_zp.pl?podrobnosti=175392